| 000 | 01016nam a2200265 a 4500 | ||
|---|---|---|---|
| 005 | 20200104041518.0 | ||
| 008 | 140226b1996 -Us||||| |||| 00| 0 spa d | ||
| 040 |
_aCO-BoIAVH _cCO-BoIAVH |
||
| 041 | _aspa | ||
| 044 | _axxu | ||
| 082 |
_aLB-580.72 _bW97i |
||
| 100 |
_aOlson, David M. _97316 |
||
| 111 |
_aTaller de identificación de vacíos de información botánica para la conservación de la biodiversidad en América Latina y el Caribe _cWashington _dabril 7-9, 1996 _945590 |
||
| 245 |
_aIdentificación de vacios de información botánica para la conservación de la biodiversidad en América Latina y el Caribe _bmemorias |
||
| 260 |
_aWashington _bWWF International _c1996 |
||
| 300 | _a111 p. | ||
| 650 |
_aSistemas de información _945591 |
||
| 650 |
_aBotánica _9361 |
||
| 650 |
_aConservación de biodiversidad _9345 |
||
| 650 |
_aBiodiversidad _992204 |
||
| 650 |
_aVacios de información biológica _910947 |
||
| 662 | _cIslas del Caribe | ||
| 662 | _cAmérica Latina | ||
| 942 |
_cLIBRO _01 _2ddc |
||
| 999 |
_c1129 _d1129 |
||